000 00530nam a22001937a 4500
003 MPLRDC
005 20220104185555.0
008 210129b ||||| |||| 00| 0 eng d
020 _a983-3738-94-6
082 _a859.6 HQT v.1
100 _a永乐多斯
245 _a风云人物郑小强
_c
250 _a一版一刷
260 _a马来西亚
_b红蜻蜓出版有限公司 ODONATA PUBLISHING SDN BHD
_c2010
300 _b
490 _a红蜻蜓绘图小说. 01
650 _a儿童文学
942 _cBK
_o859.6 HQT v.1
999 _c63391
_d63381